• 首页
  • 本馆介绍
  • 公告通知
  • 最新文献
  • 馆藏检索
  • 电子资源
  • 读者导购
  • 参考咨询
  • 我的图书馆
  • 登录
  • 详细信息显示
  • 放入我的书架
  • 预约/预借图书
  • 作者相关作品
  • 分类相关作品
  • 丛书相关作品
  • 出版社相关作品

书目信息

  • 表格格式
  • 工作单格式
  • 卡片格式
题名:
系统理论
    
 
作者: 帕杜洛 , Padulo , 阿比布 , Arbib 著 ;美朔平 , 丁世成 译
分册:  
出版信息: 北京   科学出版社  1986
页数: 546页
开本: 26cm
丛书名:
单 册:
中图分类: N94
科图分类:
主题词: 系统理论
电子资源:
ISBN:
000 00978nam0 2200337 45
001 0186010400
005 20040629171906.3
010    @dCNY8.10
091    @a15031.756
100    @a19900818d1986 emky0chiy0121 ea
101 1  @achi@ceng
102    @aCN@b110000
105    @ay z 000yy
106    @ar
200 10 @a系统理论@Axi tong li lun@f(美)帕杜洛(Padulo,L.), (美)阿比布(Arbib,M.A.)著@g美朔平, 丁世成译
210    @a北京@c科学出版社@d1986
215    @a546页@d26cm
300    @a书名原文: System theory
300    @a根据 W.B.Saunders Company,1974年版译出
510 1  @aSystem theory@zeng
606    @a系统理论
690    @aN94@v3 
701  1 @a帕杜洛@Apa du luo@bL.@4著
701 A1 @aPadulo@bL.@4著
701  1 @a阿比布@Aa bi bu@bM.A.@4著
701 A1 @aArbib@bM.A.@4著
702  0 @a美朔平@Amei shuo ping@4译
702  0 @a丁世成@Ading shi cheng@4译
801  0 @aCN@b深圳图书馆@c20040629
801  2 @aCN@bNLC@c20040629
905    @f1@b169593@dN94@e11
    
    系统理论/(美)帕杜洛(Padulo,L.), (美)阿比布(Arbib,M.A.)著/美朔平, 丁世成译.-北京:科学出版社,1986
    546页;26cm
    书名原文: System theory.-根据 W.B.Saunders Company,1974年版译出
    
    ISBN :CNY8.10
    
●
相关链接 在E读中查询图书 在五车中查询图书 在当当中查询图书 在豆瓣中查询图书


正题名:系统理论     索取号:N94/11         预约/预借

序号 登录号 条形码 馆藏地/架位号 状态 备注
1 0169593   001934189   第三借阅区/ [索取号:N94/11] 在馆    
2 0169594   001472418   第二样本阅览室/ [索取号:N94/11] 在馆    
唐山师范学院图书馆 欢迎您!
大连网信软件有限公司© 版权所有